| 000 | 00986cam a2200313 a 4500 | ||
|---|---|---|---|
| 001 | 23588 | ||
| 003 | BD-RjUL | ||
| 005 | 20211209000940.0 | ||
| 008 | 140311s1984 cauc 000 0 eng | ||
| 020 | _a0877358028 | ||
| 020 | _a087735801X (pbk.) | ||
| 035 | _a(BD-RjUL)23653 | ||
| 040 |
_aDLC _cDLC _dDLC _dBD-RjUL _beng |
||
| 041 | _aeng | ||
| 082 | 0 | 0 |
_a337.73 _219 _bUSA 1984 |
| 245 | 0 | 4 | _aThe U.S.A. in the world economy. |
| 260 |
_aSan Francisco, CA : _bFreeman, Cooper, _cc1984. |
||
| 300 |
_a116 p. : _bports. ; _c22 cm. |
||
| 650 | 0 |
_aInternational economic relations. _972612 |
|
| 650 | 0 |
_aEconomic history _y1971-1990. _972613 |
|
| 650 | 0 |
_aEconomists _xInterviews. _972614 |
|
| 651 | 0 |
_aUnited States _xForeign economic relations. _972615 |
|
| 651 | 0 |
_aUnited States _xEconomic conditions _y1981-2001. _98664 |
|
| 700 | 1 |
_aHeertje, Arnold, _d1934- _972616 |
|
| 740 | 0 | _aUSA in the world economy. | |
| 942 |
_2ddc _cBK |
||
| 999 |
_c23588 _d23588 |
||